1408 1122 1729 1327 1122 1826 1120 1101 1199 1580 1849 1310 1916 1733 1482 1135 1250 1625 1135 1556 1272 1996 1714 1864 1962 1474 1983 1220 1515 1866 1299 1888 1259 1529 1464 1652 1467 1128 1746 1093 1436 1518 1352 1317 1692 1865 1183 1540 1264 1837 1153 1464 1136 1801 1584 1590 1461 1439 1847 1681 1938 1528 1297 1563 1137 1289 1888 1911 1345 1906 1605 1949 1603 1879 1143 1987 1105 1202 1583 1964 1164 1011 1006 1074 1633 1280 1476 1303 1617 1528 1743 1843 1029 1250 1811 1332 1467 1025 1265 BCNSPRNW ULIB Ver.6.0+V

เปลี่ยนเป็นภาษาไทย

Change to English
 แสดงรายละเอียดบรรณานุกรม
  กลับหน้าหลัก

Brief Record : Get Marc (ISO 2709) : E-mail record : QR code < ปิดหน้าต่าง
LEADER : 00000nam 2200000uu 4500
001    13399112917
003     ULIB
008    110919s2553||||th 000 0 tha d
020    9786167081632
090    นว.^bพ262ว 2553
100 0  พรรณทิพา
245 00 วังวนพิศวาส/^cพรรณทิพา
250    พิมพ์ครั้งที่ 1
260    กรุงเทพฯ :^bSMART BOOK,^c2553
300    279 หน้า
945    ^p220^l0^i17080
995    กัณชพร
999     ^aใช้งานได้ทุกระบบ
รายการนี้ยังไม่มีแท็ก
คุณยังไม่ได้ล็อกอิน คุณสามารถมีกิจกรรมร่วมกับเว็บไซต์ได้ แต่ต้องล็อกอินก่อน ::
  ล็อกอิน

รายการสื่อสารสนเทศ

ลำดับที่ ประเภท เลขเรียก/บาร์โค้ด สถานที่ สถานะ
1. นวนิยาย
นวนิยาย
นว. พ262ว 2553  
  Barcode: 17080
ห้องสมุดวิทยาเขตสวรรค์ประชารักษ์
►นวนิยาย
บนชั้น
  ขอยืม

รายการใกล้เคียง
    ผู้แต่ง [พรรณทิพา]

BibComment


ยังไม่เคยถูกคอมเมนท์

คอมเมนท์ทรัพยากรรายการนี้
  คอมเมนท์: วังวนพิศวาส พรรณท..


 Copyright 2026. Bcnsprnw @Library